00805nam a22002295a 450000500170000000800410001701000140005802000260007203500130009803700150011104000180012608200130014410000210015724500760017826000410025427000540029530000280034950000510037752001050042865000160053365000260054920080703100559.0080326s2008 ii b 011 0 eng  aENG-91179 a9788189901653c500.00 aEN-74712 bDBAD / PUB adplbEnglish  a305.2531 aMurthy, Amritha  aThe adolescent achiever:ba psycho-social profile /cby Amritha Murthy  aDelhi :bAcademic Excellence,c2008. a42, Ekta Apartment, Geeta Colony,bDelhi e110031 av,190 p. ;c22 cm (Hb)  aIncludes bibliographical references and index. aContributed articles published to commemorate a festschrift of Prof. M.S. Venkataramani (1925-2006). aAdolescence aAdolescent psychology